| 000 | 00000nam##2200000za#4500 |
| 001 | 9.603134 |
| 003 | CaOODSP |
| 005 | 20210624210923 |
| 007 | cr ||||||||||| |
| 008 | 150406|1996||||xxc|||||o f|0| 0 fre|d |
| 040 | |aCaOODSP|bfre |
| 043 | |an-cn--- |
| 086 | 1 |aSC94-62/13-1995F-PDF |
| 110 | 1 |aCanada.|bCentre canadien de gestion. |
| 245 | 10|aOrganismes de service spéciaux : |h[ressource électronique]|bplans d'entreprise et rapports annuels / |c[par] Doreen Wilson. |
| 260 | |aOttawa - Ontario : |bCentre canadien de gestion |cc1996. |
| 300 | |a49p.|bfigures, références |
| 490 | 1 |aLes pratiques de gestion|vN° 13 |
| 500 | |aLe n° de catalogue (SC94-62/13-1996) et l'ISBN (0-662-62024-0) de l'édition imprimée bilingue ont été incorrectement copiés dans cette édition électronique. |
| 590 | |a12-09-Supp|b2012-03-21 |
| 691 | 07|aFonction publique|2gcpds |
| 691 | 07|aGestion|2gcpds |
| 691 | 07|aInstitution fédérale|2gcpds |
| 720 | 1 |aWilson, Doreen |
| 775 | 08|tSpecial operating agencies : |w(CaOODSP)9.572886 |
| 776 | 0#|tOrganismes de service spéciaux : |w(CaOODSP)9.526361 |
| 776 | 0#|tSpecial Operating Agencies : |w(CaOODSP)9.526360 |
| 830 | #0|aLes pratiques de gestion ;|vN° 13|w(CaOODSP)9.503178 |
| 856 | 40|ahttp://publications.gc.ca|qPDF|s350 Ko|uhttps://publications.gc.ca/collections/Collection/SC94-62-13-1995F.pdf|yN° 13 |